000 00548nam a22001697a 4500
005 20150424110612.0
010 _aENG-112255
020 _c335.00
_a9788181801609
020 _c335.00
_a8181801601
035 _aEN-95787
037 _bDBAD/PUB
245 _aTextbook for intermediate first year mathematics paper-IA :
_balgebra, vector algebra, trigonometry
260 _aHyderabad
_bTelugu Akademi
_c2014 (repr.)
270 _aTelugu Akademi
_bHyderabad
_e500029
300 _a444p.
_b28cm(pbk)
942 _2ddc
_cEN
_mTEX
_h512
999 _c91968
_d91968